Normal view
MARC view
Entry Personal Name
001 - CONTROL NUMBER
- control field: 241619
003 - CONTROL NUMBER IDENTIFIER
- control field: OSt
005 - DATE AND TIME OF LATEST TRANSACTION
- control field: 20251004113947.0
008 - FIXED-LENGTH DATA ELEMENTS
- fixed length control field: 251004|| aca||aabn | a|a d
040 ## - CATALOGING SOURCE
- Original cataloging agency: OSt
- Transcribing agency: OSt
100 ## - HEADING--PERSONAL NAME
- Personal name: BETTAGERI (Ga. Su. Bhatta).
- Dates associated with a name: ಬೆತ್ತಗೇರಿ (ಗ.ಸು. ಭಟ್ಟ)
670 ## - SOURCE DATA FOUND
- Source citation: Work cat.: (OSt)107938: BETTAGERI (Ga. Su. Bhatta). ಬೆತ್ತಗೇರಿ (ಗ.ಸು. ಭಟ್ಟ), Kavi valmikigada anyaya: shodhanatmaka krati., 2002